000 02472nam0a2200373 4500
001 RU\NLR\BIBL_A\011842897
005 20250626140012.0
020 _aRU
_b19871
_9Сводный каталог листовок первых лет Советской власти (25 октября (7 ноября) 1917 - 1925) Т.7. Листовки органов управления железнодорожным транспортом, округов путей сообщения и отдельных железных дорог
035 _a(NLR Aleph) 011842897
090 _a12064969
_c12064969
100 _a20181024d1919 |||y0rusy50 ca
101 0 _arus
102 _aRU
105 _ay z 000zy
200 1 _aЖурнал заседаний Главной санитарно-исполнительной комиссии при Управлении Юго-Восточных советских железных дорог, 24-го марта 1919 г.
_e[листовка]
210 _a[Воронеж
_cб. и.
_d1919, март]
215 _a2 с.
_d32x18
300 _aПодписи: Председатель Главной санитарно-исполнительной комиссии Я. М. Мирошниченко; за секретаря А. Пересыпкин
327 1 _aО борьбе с эпидемией сыпного тифа
540 1 _aО борьбе с эпидемией сыпного тифа
606 1 _aЖелезные дороги
_jЛистовки
_xИстория
_yСССР
_91259075
_3RU\NLR\AUTH\66199215
607 _aРСФСР
_jЛистовки
_xПолитика и управление
_y1917 - 1925
_92312782
_3RU\NLR\auth\6601609564
686 0 _aТ3(2)71-313,011
686 0 _aУ37(2)2,011
702 1 _4720
_7ca
_8rus
_aМирошниченко
_bЯ. М.
_cучастник установления советской власти, г. Воронеж
_gЯков Мартинович
_9211452
_3RU\NLR\AUTH\770211508
702 1 _aПересыпкин
_bА.
_cучастник установления советской власти, г. Воронеж
_4720
710 0 2 _aЮго-Восточные железные дороги
_bГлавная санитарно-исполнительная комиссия
_9650842
_3RU\NLR\AUTH\880495410
852 0 0 _aNLR
_bФЛ
942 _cBOOK
980 _aNB